Statistics for Dial Drunk by Noah Kahan - Lyrics Quiz

Click here to take the quiz!

General Stats

  • This quiz has been taken 298 times
    (232 since last reset)
  • The average score is 360 of 433

Answer Stats

Answer% Correct
i
100%
"i
100%
a
99%
drunk
99%
for
99%
you"
99%
you
99%
and
96%
dial
96%
in
96%
me
96%
the
96%
i'll
95%
to
95%
call
94%
die
94%
it
94%
no
94%
your
93%
my
92%
so
92%
all
91%
name
91%
of
91%
do
90%
that
90%
be
89%
be?
89%
i've
88%
know
88%
punches
88%
thrown
88%
cops
86%
longer
86%
proud
86%
someone
86%
thought
86%
ain't
85%
alone
85%
being
84%
even
84%
up
84%
were
84%
wrong
84%
hanging
83%
phone
83%
young
83%
i'm
82%
as
81%
car
81%
forget
81%
emergency
80%
rang
79%
shame
79%
gave
78%
radio
77%
when
77%
honey
76%
it's
76%
threw
76%
traffic
76%
don't
75%
let
75%
like
75%
transmitter
75%
blood
74%
lights
74%
they
74%
alcohol
73%
now
73%
cell
72%
i'd
71%
is
71%
promised
71%
burnouts
70%
give
70%
raining
70%
remembering
70%
but
68%
just
68%
callin'
67%
sir
67%
with
66%
rot
63%
son
63%
swear
63%
yourself?
63%
any
62%
back
62%
change
62%
she'll
61%
out
60%
drowning
59%
same
59%
why
58%
flag
57%
perspective
57%
are
56%
danger
56%
half
56%
man
56%
medicine
56%
this
56%
used
56%
about
55%
am
55%
faith
55%
fuck
54%
have
54%
whatever
54%
doubt
52%
honest
52%
kiss
52%
praise
52%
taking
51%
wait
51%
tone
50%
oh
49%
said
49%
still?
48%
beg
47%
anyways
46%
from
46%
badge
45%
pain
45%
fault
44%
you'd
44%
parts
43%
recognize
43%
alarming
42%
charming
41%
seconds
41%
bedridden
37%
morning
36%
untethering
34%
well
33%
metastasize
29%
that's
23%

Score Distribution

Percentile by Number Answered

Percent of People with Each Score

Your Score History

You have not taken this quiz since the last reset